| 000 | 00750cam a2200253 a 4500 | ||
|---|---|---|---|
| 003 | MX-MxUPN | ||
| 005 | 20250227102921.0 | ||
| 008 | 090928s2003 fr 000 0 spa d | ||
| 020 | _a9586702502 | ||
| 035 | _aUPN01000172660 | ||
| 040 |
_aMX-MxUPN _bspa |
||
| 041 | 0 | _aspa | |
| 050 | 4 |
_aJC571 _bP3.4 2003 |
|
| 100 | 1 |
_aPapacchini, Angelo _955625 |
|
| 245 | 1 | 0 | _aFilosofía y derechos humanos |
| 250 | _aTercera edición | ||
| 260 |
_aCalí, Colombia : _bUniversidad del Valle, _c2003. |
||
| 300 | _a347 páginas | ||
| 490 | _aColección artes y humanidades. Filosofía | ||
| 650 | 7 |
_aDerechos humanos _xFilosofía _94202 |
|
| 650 | 4 |
_aCiencias políticas _xFilosofía _98065 |
|
| 902 | _bVíctorGodínez/270225 | ||
| 942 |
_2lcc _cLIBRO |
||
| 999 |
_c144764 _d144764 |
||